El ldo. D. Simon Ybañez Lazcano, alcalde del crimen de la Real Chancilleria de la Nueva España, que reside en esta ciudad de Mexico, fomentado del ardiente zelo de V. Ex. que à la primera entrada de su gobierno, cumpliendo con las obligaciones de un gran presidente, procura extinguir los hombres facinerosos, de que tanto adolece el reyno, expecialmente de ladrones, y salteadores, para conseguir, y conservar la quietud y tranquilidad, y que se eviten tan repetidos, y enormes delitos. Dado en todo mandarà V. Ex. lo que mas convenga Mexico y mayo 14 de 1687 años.

Detalles Bibliográficos
Formato: Libro
Lenguaje:Undetermined
Spanish
Publicado: México : s.n., s. a.
Materias:
Colección:Banco de datos
Acervo:Biblioteca Palafoxiana. Colección bibliográfica
Descripción Física:16 h. ; f°
Tema general:Derecho civil
Notas:Marca de fuego: Colegio de San Juan. Número de localización: R499-B Encuadernado con 12 obras y 23 impresos
LEADER 01061nam a2200157Ia 4500
008 150723s9999 xx 000 0 und d
041 0 |a spa 
050 0 |a PAFX K623 R4 
245 1 0 |a El ldo. D. Simon Ybañez Lazcano, alcalde del crimen de la Real Chancilleria de la Nueva España, que reside en esta ciudad de Mexico, fomentado del ardiente zelo de V. Ex. que à la primera entrada de su gobierno, cumpliendo con las obligaciones de un gran presidente, procura extinguir los hombres facinerosos, de que tanto adolece el reyno, expecialmente de ladrones, y salteadores, para conseguir, y conservar la quietud y tranquilidad, y que se eviten tan repetidos, y enormes delitos. Dado en todo mandarà V. Ex. lo que mas convenga Mexico y mayo 14 de 1687 años. 
260 |a México : s.n., s. a. 
300 |a 16 h. ; f° 
500 |a Marca de fuego: Colegio de San Juan. Número de localización: R499-B Encuadernado con 12 obras y 23 impresos 
650 1 0 |a Derecho civil 
942 |c PALALIB 
943 |g Biblioteca Palafoxiana. Colección bibliográfica 
999 |c 1061981  |d 1061981